[Event "XXX Zalakaros Open"]
[Site "Zalakaros HUN"]
[Date "2011.05.21"]
[Round "2"]
[White "Nemeth,De"]
[Black "Madl,I"]
[Result "1/2-1/2"]
[WhiteElo "2182"]
[BlackElo "2405"]

1.d4 d5 2.Nf3 c6 3.c4 Nf6 4.Nc3 e6 5.e3 Nbd7 6.Bd3 dxc4 7.Bxc4 b5 8.Bd3 Bd6
9.e4 e5 10.dxe5 Nxe5 11.Nxe5 Bxe5 12.h3 O-O 13.O-O Re8 14.Qf3 a6 15.Rd1 Qc7
16.Be3 c5 17.Nd5 Nxd5 18.exd5 Qd6 19.Rab1 Bb7 20.b3 g6 21.a4 bxa4 22.bxa4 Bxd5
23.Qg4 h5 24.Qg5 Bf6 25.Qh6 Bg7 26.Qg5 Bf6 27.Qh6 Bd4 28.Bxd4 cxd4 29.a5 Rab8
30.Rxb8 Rxb8 31.Be2 Bb3 32.Rb1 Bc2 33.Rxb8+ Qxb8 34.Qd2 Qb1+ 35.Kh2 d3 36.Bf3 Qb8+
37.g3 Qd6 38.h4 Ba4 39.Be4 Bb5 40.Kg1 Qe5 41.Bf3 Kg7 42.Kg2 Kf6 43.Bd1 Ke7
44.f3 Qd4 45.Bb3 Qe5 46.Kf2 Qe2+ 47.Qxe2+ dxe2 48.g4 Bd3 49.gxh5 gxh5 50.Bd5 Kf6
51.Bb3 Kg6 52.Bd5 f6 53.Bb3 Kg7 54.Bd5 Kg6 55.Bb3  1/2-1/2

[Event "XXVI Felix Cup"]
[Site "Baile Felix ROU"]
[Date "2011.05.22"]
[Round "4.8"]
[White "Miron,I"]
[Black "Marcu,A"]
[Result "0-1"]
[WhiteElo "2145"]
[BlackElo "2041"]

1.d4 d5 2.c4 c6 3.Nc3 Nf6 4.e3 e6 5.Nf3 Nbd7 6.Qc2 Be7 7.b3 b6 8.Be2 Bb7
9.O-O O-O 10.Rd1 Qc7 11.Bb2 Rac8 12.Rac1 dxc4 13.bxc4 c5 14.d5 exd5 15.cxd5 a6
16.e4 Bd6 17.a4 Rfe8 18.g3 Re7 19.Nh4 g6 20.f4 c4 21.e5 Qc5+ 22.Kf1 Nxe5
23.fxe5 Rxe5 24.Bf3 b5 25.Ne4 Nxe4 26.Bxe4 c3 27.Nf3 Qc4+ 28.Bd3 Qxd5 29.Be2 cxb2
30.Qxb2 Rxe2 31.Rxc8+ Bxc8 32.Qxe2 Qc6 33.Kg2 bxa4 34.Qd3 Bb7 35.Rd2 a3 36.Rc2 Qe4
37.Rc8+ Kg7 38.Qc3+ Be5  0-1

[Event "ch-Siberia Men"]
[Site "Barnaul RUS"]
[Date "2011.05.22"]
[Round "3"]
[White "Ivakhinova,I"]
[Black "Kuprin,V"]
[Result "1-0"]
[WhiteElo "2326"]
[BlackElo "2154"]

1.d4 d5 2.c4 c6 3.Nf3 Nf6 4.Nc3 e6 5.e3 a6 6.b3 Bb4 7.Bd2 O-O 8.Bd3 Nbd7
9.O-O Bd6 10.Rc1 e5 11.cxd5 cxd5 12.dxe5 Nxe5 13.Nxe5 Bxe5 14.Ne2 Be6 15.Bc3 Qd6
16.h3 Bxc3 17.Rxc3 Rac8 18.Qc2 Rxc3 19.Qxc3 Rc8 20.Qb2 Nd7 21.Rd1 Ne5 22.Bb1 Nc6
23.Nf4 Qc5 24.Qd2 Rd8 25.Ne2 g6 26.Qb2 Qd6 27.Be4 Qc7 28.Bf3 Ne5 29.Nd4 Rc8
30.Kf1 Qc3 31.Qxc3 Rxc3 32.Ke2 Kf8 33.g4 Nc6 34.Bg2 Nxd4+ 35.Rxd4 Rc2+ 36.Rd2 Rxd2+
37.Kxd2 g5 38.Kc3 Ke7 39.Kd4 Kd6 40.e4 f6 41.exd5 Bf7 42.Bf3 Bg8 43.b4 Bf7
44.a3 h6 45.a4 Be8 46.Bd1 Bf7 47.Bf3 Be8 48.a5 Ba4 49.Be2 Bb3 50.Bf3 Ba2
51.Be4 Bb3 52.Bg2 Ba2 53.Be4 Bb3 54.Bf5 Bxd5 55.Be4 Bxe4 56.Kxe4 Ke6 57.Kd4 Kd6
58.Ke4 Ke6 59.f3 Ke7 60.f4 Ke6 61.f5+ Kd6 62.Kd4 Kc6 63.Kc4 Kd6 64.b5 axb5+
65.Kxb5 Kc7 66.Kc5 Kd7 67.Kb6 Kc8 68.a6 bxa6 69.Kxa6 Kc7 70.Ka7 Kd6 71.Kb7 Ke5
72.Kc7 h5 73.gxh5 Kxf5 74.Kd6  1-0

[Event "4th Calgary Classic Int"]
[Site "Calgary CAN"]
[Date "2011.05.22"]
[Round "6"]
[White "Haessel,D"]
[Black "Stopa,Ja"]
[Result "1-0"]
[WhiteElo "2184"]
[BlackElo "2460"]

1.d4 d5 2.c4 c6 3.Nf3 Nf6 4.Nc3 e6 5.e3 Nbd7 6.Bd3 dxc4 7.Bxc4 b5 8.Bd3 a6
9.a4 Bb7 10.O-O b4 11.Ne4 c5 12.Nxf6+ Nxf6 13.dxc5 Bxc5 14.Qe2 Qd5 15.Rd1 Qh5
16.h3 O-O 17.e4 Rfd8 18.Bf4 Rd7 19.Rac1 Bf8 20.Qe3 Rxd3 21.Rxd3 Bxe4 22.Rb3 Qa5
23.Be5 Bd5 24.Rd3 Qxa4 25.Bxf6 gxf6 26.Ne5 Qe8 27.Ng4 Bg7 28.Nh6+ Bxh6 29.Qxh6 Be4
30.Rg3+ Bg6 31.h4 Qf8 32.Qf4 h5 33.Qxf6 Qg7 34.Qf3 Rd8 35.Rc5 Qxb2 36.Qxh5 Kf8
37.Qh6+ Ke8 38.Re3 Rd1+ 39.Kh2 Qxf2 40.Qh8+ Ke7 41.Rc7+ Rd7 42.Rxd7+ Kxd7
43.Qd4+  1-0

[Event "4th Calgary Classic Int"]
[Site "Calgary CAN"]
[Date "2011.05.22"]
[Round "7"]
[White "Stopa,Ja"]
[Black "Porper,E"]
[Result "1-0"]
[WhiteElo "2460"]
[BlackElo "2446"]

1.d4 d5 2.c4 c6 3.Nf3 Nf6 4.Nc3 e6 5.e3 Nbd7 6.Qc2 Bd6 7.Be2 O-O 8.O-O dxc4
9.Bxc4 a6 10.Rd1 Qe7 11.Ng5 Bxh2+ 12.Kxh2 Ng4+ 13.Kg1 Qxg5 14.f3 Ngf6 15.e4 Qh5
16.Be3 Rb8 17.b4 b6 18.Qf2 Bb7 19.Ne2 g5 20.Qg3 Kh8 21.Qxg5 Qxg5 22.Bxg5 Rg8
23.Bf4 Rbc8 24.Rab1 Rce8 25.Bd2 Kg7 26.Kf2 Bc8 27.Rh1 c5 28.bxc5 bxc5 29.e5 Nd5
30.Rh5 f6 31.Rbh1 Rh8 32.exf6+ N7xf6 33.Rg5+ Kf7 34.dxc5 Bb7 35.Nf4 Nxf4
36.Bxf4 Bd5 37.Bxd5 exd5  1-0

[Event "1st Alimini Village Open"]
[Site "Otranto ITA"]
[Date "2011.05.22"]
[Round "2"]
[White "Sbarra,M"]
[Black "Godena,M"]
[Result "1/2-1/2"]
[WhiteElo "2278"]
[BlackElo "2528"]

1.d4 d5 2.c4 e6 3.Nc3 c6 4.e3 Nf6 5.Nf3 a6 6.Qc2 c5 7.a3 dxc4 8.dxc5 Bxc5
9.Bxc4 b5 10.Bd3 Nbd7 11.b4 Be7 12.Bb2 Bb7 13.O-O Rc8 14.Rac1 Bxf3 15.gxf3 Ne5
16.Be2 O-O 17.Rcd1 Qb6 18.Qb3 Nc4 19.Bc1 Rc7 20.Ne4 Nd5 21.Rd4 Rfc8 22.Rfd1 f5
23.Rxd5 exd5 24.Nc3 Qg6+ 25.Kh1 Nxe3 26.Bxe3 Rxc3 27.Qxd5+ Qf7 28.Qb7 R3c7
29.Qxa6 f4 30.Bb6 Rc1 31.Qxb5 Rxd1+ 32.Bxd1 Rc1 33.Qd3 Qe6 34.Qd2 Rb1 35.Kg2 Qg6+
36.Kh3 Qe6+ 37.Kg2 Qg6+ 38.Kh3 Rxd1 39.Qxd1 Qxb6 40.Qd5+ Kf8 41.Qf5+ Ke8
42.Qxh7 Qxf2 43.Qh5+ Kd7 44.Qf5+ Kc7 45.Qxf4+ Bd6 46.Qe4 Qxh2+ 47.Kg4 Qg2+
48.Kf5 Qb2 49.Qc4+ Kb6 50.Qe6 Qd4 51.Qe4 Qf6+ 52.Kg4 g6 53.Qe3+ Kb7 54.Qe4+ Kb6
55.Qe3+ Kb7 56.Qe4+ Kc7 57.a4 Qb2  1/2-1/2

[Event "Zonal 4.1 African"]
[Site "Tipaza ALG"]
[Date "2011.05.22"]
[Round "2"]
[White "Hamam,Brahim"]
[Black "Jemai,Akram"]
[Result "1/2-1/2"]
[WhiteElo "2047"]
[BlackElo "2161"]

1.d4 d5 2.Nf3 Nf6 3.c4 e6 4.Nc3 c6 5.e3 Nbd7 6.Bd3 dxc4 7.Bxc4 b5 8.Bd3 Bb7
9.a3 b4 10.axb4 Bxb4 11.O-O Qc7 12.Bd2 Be7 13.Qc2 O-O 14.e4 e5 15.Nd5 Nxd5
16.exd5 c5 17.dxe5 Nxe5 18.Nxe5 Qxe5 19.Bxh7+ Kh8 20.Rfe1 Qd6 21.Be4 Bf6
22.Ra3 Bc8 23.Bf5 Bxf5 24.Qxf5 g6 25.Qxf6+ Qxf6 26.Bc3 Qg7 27.Bxg7+ Kxg7
28.Rc3 Rab8 29.Rxc5 Rxb2 30.g3 Rd2 31.Re7 a6 32.Ra7 Rd8 33.Rcc7 Rf8 34.Rd7 Ra2
35.h4 a5 36.Kg2 Ra3 37.g4 a4 38.g5 Ra1 39.Ra6 a3 40.Rf6 Rd1 41.Ra6 Ra1 42.Kf3 a2
43.Kg2 Rh8 44.Raa7 Rf8 45.d6 Kg8 46.Re7 Rd1 47.Rxa2 Rxd6 48.Raa7 Rd4  1/2-1/2

[Event "zt 2.5"]
[Site "Asuncion PAR"]
[Date "2011.05.23"]
[Round "8"]
[White "Lemos,D"]
[Black "Mareco,S"]
[Result "1/2-1/2"]
[WhiteElo "2550"]
[BlackElo "2591"]

1.Nf3 Nf6 2.c4 c6 3.Nc3 d5 4.d4 e6 5.e3 Nbd7 6.Qc2 Bd6 7.Bd3 O-O 8.O-O dxc4
9.Bxc4 b5 10.Be2 Bb7 11.Rd1 Qc7 12.e4 e5 13.Bg5 Rfe8 14.Rac1 Rac8 15.Qd2 Bb4
16.dxe5 Nxe5 17.Bxf6 gxf6 18.Qf4 Qe7 19.Nxe5 Qxe5 20.Qg4+ Qg5 21.Rd7 Rb8
22.Qxg5+ fxg5 23.Bh5 Re7 24.Rcd1 Rbe8 25.e5 Rxd7 26.Rxd7 Rxe5 27.Bxf7+ Kf8
28.Kf1 Re7 29.Be6 Rxd7 30.Bxd7 h6 31.Nd1 h5 32.Ke2 Bd6 33.g3 Ke7 34.Bf5 c5
35.Nc3 a6 36.Ne4 Bxe4 37.Bxe4 Be5 38.b3 Kf6 39.Bb7 a5 40.Ba6 b4  1/2-1/2

[Event "ch-Siberia Men"]
[Site "Barnaul RUS"]
[Date "2011.05.23"]
[Round "4"]
[White "Marchuk,M"]
[Black "Obolenskikh,D"]
[Result "0-1"]
[WhiteElo "2198"]
[BlackElo "2481"]

1.d4 d5 2.c4 e6 3.Nc3 c6 4.e3 Nf6 5.Nf3 Nbd7 6.Bd3 dxc4 7.Bxc4 b5 8.Bd3 b4
9.Ne4 Nxe4 10.Bxe4 Bb7 11.O-O Bd6 12.Qc2 Rc8 13.a3 f5 14.Bd3 c5 15.Qe2 bxa3
16.b3 Bxf3 17.Qxf3 cxd4 18.Bxa3 Ne5 19.Qb7 Rc7 20.Qb5+ Kf7 21.exd4 Nxd3 22.Qxd3 Bxa3
23.Rxa3 Qe7 24.Ra5 Qb4 25.Rb5 Qc3 26.Qd1 Rd8 27.d5 Kg8 28.Qe2 e5 29.d6 Rxd6
30.Rxe5 Rf6 31.Re8+ Rf8 32.Qe6+ Rf7 33.g3 Rxe8 34.Qxe8+ Rf8 35.Qe6+ Kh8 36.Rd1 f4
37.Qe7 Rg8 38.Rd8 Qxb3 39.Rxg8+ Qxg8 40.gxf4 a5 41.f5 h6 42.h4 Qc8 43.Qe5 Qa6
44.f6 Qxf6 45.Qxa5 Qxh4 46.Qa7 Qg5+ 47.Kh2 Qf4+ 48.Kg2 Qe4+ 49.Kg3 Kh7 50.Qc5 Kg6
51.f4 Qd3+ 52.Kg4 Qd1+ 53.Kg3 Qd7 54.Qc2+ Qf5 55.Qc6+ Kh7 56.Qf3 Qg6+ 57.Kh3 Qe6+
58.f5 Qe5 59.Qd3 Kg8 60.Qd7 Kf8  0-1

[Event "3rd Kahraman Olgac Memorial"]
[Site "Izmir TUR"]
[Date "2011.05.23"]
[Round "2.1.4"]
[White "Ivanov,Jo"]
[Black "Ali Marandi,C"]
[Result "1/2-1/2"]
[WhiteElo "2436"]
[BlackElo "2265"]

1.d4 d5 2.c4 c6 3.Nf3 Nf6 4.e3 e6 5.Nc3 Nbd7 6.Qc2 Bd6 7.Bd2 O-O 8.h3 e5
9.cxd5 cxd5 10.Nb5 Bb8 11.Bb4 Re8 12.Rc1 exd4 13.Nfxd4 Ne4 14.Bd3 a6 15.Nc7 Bxc7
16.Qxc7 Ne5 17.Qc2 Qh4 18.O-O Ng5 19.Bf5 Bxf5 20.Qxf5 Ne4 21.Rfd1  1/2-1/2

[Event "ch-Siberia Women"]
[Site "Barnaul RUS"]
[Date "2011.05.24"]
[Round "5"]
[White "Ubiennykh,E"]
[Black "Cheremnova,T"]
[Result "0-1"]
[WhiteElo "2308"]
[BlackElo "2227"]

1.d4 d5 2.c4 e6 3.Nc3 c6 4.Nf3 Nf6 5.e3 Nbd7 6.Bd3 dxc4 7.Bxc4 b5 8.Bd3 Bb7
9.a3 a6 10.b4 Bd6 11.O-O O-O 12.Ne2 a5 13.Rb1 axb4 14.axb4 Qe7 15.Ng3 Nd5
16.Rb3 Nxb4 17.Bb1 Ra4 18.e4 Bxg3 19.hxg3 c5 20.Ba3 c4 21.Rxb4 Rxa3 22.Rxb5 Ba6
23.Rh5 g6 24.Rh4 c3 25.Re1 Rc8 26.Bc2 Ra2 27.d5 e5 28.d6 Qf6 29.Qc1 Nf8 30.Rd1 Be2
31.Re1 Bxf3 32.gxf3 Qxd6 33.Rd1 Qb6 34.Kg2 Qb2 35.Qxb2 Rxb2 36.Ba4 Ra8 37.Bc6 Raa2
38.Rf1 Rd2 39.Bd5 Rab2 40.Rhh1 Nd7 41.f4 exf4 42.gxf4 Nc5 43.Kf3 Nd3 44.Ke3 Nxf2
45.Rhg1 Re2+ 46.Kd4 c2 47.Rc1 Nd1 48.Kd3 Rh2 49.Rg3 Kg7 50.e5 f6 51.e6 Kf8
52.Ra1 Rb8 53.Kd4 Rc8 54.Rc1 Ke7 55.Bb3 Rd2+ 56.Ke4 f5+  0-1

[Event "Zonal 3.3 Women"]
[Site "Tagaytay City PHI"]
[Date "2011.05.24"]
[Round "1"]
[White "Li Ruofan"]
[Black "Medina,W"]
[Result "1/2-1/2"]
[WhiteElo "2423"]
[BlackElo "2035"]

1.d4 d5 2.c4 e6 3.Nc3 c6 4.e3 Nf6 5.Nf3 Nbd7 6.Bd3 dxc4 7.Bxc4 b5 8.Bd3 a6
9.a4 b4 10.Nb1 c5 11.O-O Bb7 12.Nbd2 cxd4 13.exd4 Be7 14.a5 O-O 15.Nc4 Qc7
16.Qe2 Ng4 17.Nfe5 Ngxe5 18.dxe5 Nc5 19.Bf4 Qc6 20.f3 Nxd3 21.Qxd3 Rfd8 22.Nd6 Bxd6
23.exd6 Qc5+ 24.Kh1 e5 25.Rfc1 Rxd6 26.Rxc5 Rxd3 27.Rxe5 Rc8 28.h3 h6 29.Re7 Bd5
30.Ra7 Rc6 31.Re1 Be6 32.Re2 Rd5 33.Rc7 Rxc7 34.Bxc7 b3 35.Bb6 Kf8 36.Kh2 Ke7
37.Re4 Rd2 38.Bc5+ Kd7 39.Rd4+ Rxd4 40.Bxd4 g6 41.g4 f5 42.Kg3 fxg4 43.hxg4 Bd5
44.f4 Ke6 45.Kh4 Bf3 46.Be3 h5 47.f5+ Kf7 48.gxh5 gxh5 49.Kg5 Bg4 50.Bf2 Bf3
51.Bh4 Bg4 52.Kf4 Bd1 53.Ke5 Bg4 54.f6 Bd1 55.Kd4 Bg4 56.Kc5 Be2 57.Kb4 Bd1
58.Kc4 Bc2 59.Kd4 Bd1  1/2-1/2

[Event "1st Alimini Village Open"]
[Site "Alimini ITA"]
[Date "2011.05.25"]
[Round "6"]
[White "Brunello,S"]
[Black "Bruno,Fabi"]
[Result "1-0"]
[WhiteElo "2537"]
[BlackElo "2459"]

1.d4 d5 2.c4 c6 3.Nf3 Nf6 4.Nc3 e6 5.e3 Nbd7 6.Bd3 a6 7.O-O dxc4 8.Bxc4 b5
9.Bd3 c5 10.a4 b4 11.Ne4 Bb7 12.Nxf6+ Nxf6 13.dxc5 Bxc5 14.Qe2 O-O 15.e4 h6
16.Bf4 Qe7 17.Rac1 Nh5 18.Be5 Bd6 19.Bxd6 Qxd6 20.e5 Qb8 21.Rc4 Bxf3 22.Qxf3 Qxe5
23.Rxb4 Nf6 24.g3 Rfd8 25.Rc1 Qd6 26.Rb3 Rac8 27.Rxc8 Rxc8 28.Qb7 Rd8 29.Qxa6 Qe5
30.Qb6 Rc8 31.Rc3 Rb8 32.Qc7 Qe1+ 33.Kg2 Rf8 34.Qf4 Qa1 35.Rb3 Nd5 36.Qd6 g6
37.Rb8 Rxb8 38.Qxb8+ Kg7 39.Qe5+ Kg8 40.Bxg6 Qxa4 41.Be4 Qc4 42.Bf3 Nb4 43.Qe3 Nc2
44.Qd2 Nb4 45.Qxh6 Qd4 46.b3 Nc2 47.Qc1 Qd3 48.h4 Nd4 49.Qg5+ Kf8 50.Qd8+ Kg7
51.Qg5+ Kf8 52.Qd8+ Kg7 53.Ba8 Qd2 54.Qb8 Nf5 55.Qe5+ Kg8 56.Qc5 Nd4 57.b4 Nc2
58.b5 Ne1+ 59.Kg1 Qd1 60.Kh2 Nd3 61.Qg5+ Kf8 62.Qd8+ Kg7 63.Be4 Nxf2 64.Qxd1 Nxd1
65.b6  1-0

[Event "3rd Kahraman Olgac Memorial"]
[Site "Izmir TUR"]
[Date "2011.05.25"]
[Round "6.1.4"]
[White "Mirzoev,A"]
[Black "Ali Marandi,C"]
[Result "1/2-1/2"]
[WhiteElo "2481"]
[BlackElo "2265"]

1.Nf3 d5 2.c4 c6 3.e3 Nf6 4.Nc3 e6 5.d4 Nbd7 6.Qc2 Bd6 7.b3 O-O 8.Be2 Re8
9.Bb2 Qe7 10.O-O h6 11.Rad1 dxc4 12.bxc4 e5 13.Rfe1 e4 14.Nd2 Nf8 15.Nf1 Ng6
16.d5 cxd5 17.Nxd5 Nxd5 18.Rxd5 Be6 19.Rdd1 Bb4 20.Bc3 Rac8 21.Bxb4 Qxb4
22.Rb1 Qa5 23.Rec1 Bd5 24.Qd2 Qxd2 25.Nxd2 Bc6 26.Nb3 Ne5 27.Nd4 Rc7 28.h4 Bd7
29.Nb5 Bxb5 30.cxb5 Rec8 31.Rxc7 Rxc7 32.Rb2 Nd3 33.Rd2 Rc1+ 34.Rd1 Rxd1+
35.Bxd1 Nc5 36.f3 exf3 37.gxf3 f6 38.Kf2 Kf7 39.Bc2 b6 40.Kg3 Nb7 41.h5 Nd6
42.Bb3+ Ke7 43.a4 Nb7 44.Kg4 Nc5 45.Bc2 Ke6 46.Kf4 Ke7 47.Kf5 Kf7 48.e4 Ke7
49.e5 Nd7 50.f4 fxe5 51.fxe5 Nc5 52.Kg6 Kf8 53.Bd1 Nd3 54.e6 Nf4+ 55.Kf5 Nd3
56.Kg6 Nf4+ 57.Kf5 Nd3 58.Ke4  1/2-1/2

[Event "ch-UZB Major"]
[Site "Tashkent UZB"]
[Date "2011.05.25"]
[Round "5"]
[White "Kasyan,A"]
[Black "Kvon,A"]
[Result "1/2-1/2"]
[WhiteElo "2340"]
[BlackElo "2459"]

1.d4 d5 2.c4 e6 3.Nc3 c6 4.e3 Nf6 5.Nf3 Nbd7 6.Bd3 dxc4 7.Bxc4 b5 8.Bd3 Bb7
9.e4 b4 10.Na4 c5 11.e5 Nd5 12.O-O cxd4 13.Re1 g6 14.Bg5 Be7 15.Bh6 Bf8 16.Bg5 Be7
17.Bh6 Bf8 18.Bg5 Be7 19.Bh6  1/2-1/2

[Event "XXX Zalakaros Open"]
[Site "Zalakaros HUN"]
[Date "2011.05.25"]
[Round "6"]
[White "Medvegy,Z"]
[Black "Fodor,T jr"]
[Result "1/2-1/2"]
[WhiteElo "2536"]
[BlackElo "2450"]

1.c4 e6 2.Nf3 d5 3.d4 c6 4.e3 Nf6 5.Nc3 Nbd7 6.Qc2 Bd6 7.b3 O-O 8.Bd3 dxc4
9.bxc4 e5 10.O-O Re8 11.Bb2 Qe7 12.Ne4 Nxe4 13.Bxe4 g6 14.c5 Bc7 15.Rfe1 f5
16.Bd3 e4 17.Bc4+ Kf8 18.Nd2 Nf6 19.Rab1 Be6 20.Bxe6 Qxe6 21.Bc3 Re7 22.Qa4 Nd5
23.Ba5 b6 24.Bb4 b5 25.Qa6 Qc8 26.Qxc8+ Rxc8 27.Rec1 a5 28.Bc3 b4 29.Bb2 Ke8
30.a3 Kd7 31.axb4 axb4 32.Ra1 Ree8 33.Kf1 Ra8 34.h3 Rxa1 35.Rxa1 Kc8 36.Ra8+ Bb8
37.Ke2 Kb7 38.Ra1 Bc7 39.Nc4 h5 40.Bc1 g5 41.Bd2 Rb8 42.f3 g4 43.hxg4  1/2-1/2

[Event "ch-KAZ 2011"]
[Site "Astana KAZ"]
[Date "2011.05.26"]
[Round "11"]
[White "Kazhgaleyev,M"]
[Black "Jumabayev,R"]
[Result "1/2-1/2"]
[WhiteElo "2618"]
[BlackElo "2558"]

1.d4 d5 2.c4 c6 3.Nc3 Nf6 4.Nf3 e6 5.e3 Nbd7 6.Qc2 Bd6 7.Bd3 O-O 8.O-O e5
9.cxd5 cxd5 10.e4 dxe4 11.Nxe4 Nxe4 12.Bxe4 h6 13.Be3 exd4 14.Bh7+ Kh8 15.Bxd4 Nf6
16.Bf5 Qa5 17.Bxc8 Rfxc8 18.Qb3 Qd5 19.Bxf6 Qxb3 20.Bxg7+ Kxg7 21.axb3 Be7
22.Rad1 Rd8 23.Ne5 Bf6 24.f4 b5 25.h3 Rac8 26.Rxd8 Rxd8 27.Ra1 Bxe5 28.fxe5 Rd3
29.Rxa7 Rxb3 30.e6 Rxb2 31.exf7 Rb4 32.g3 Ra4 33.Re7 Ra6 34.Rb7 Rf6 35.Kg2 Rxf7
36.Rxb5 Rf6 37.h4 Ra6 38.Kh3 Kg6 39.h5+ Kg7 40.Kg4 Rf6 41.Rc5 Rf7 42.Rc6 Kh7
43.Rc4 Rf6 44.Rc7+ Kg8 45.Kh4 Ra6 46.Kg4 Rf6 47.Ra7 Kh8 48.Ra5 Kg7 49.Rf5 Ra6  1/2-1/2

[Event "Nis Open 2011"]
[Site "Nis SRB"]
[Date "2011.05.26"]
[Round "3.3"]
[White "Milovanovic,Srb"]
[Black "Miljkovic,Mir1"]
[Result "0-1"]
[WhiteElo "2192"]
[BlackElo "2506"]

1.d4 d5 2.c4 c6 3.Nf3 Nf6 4.e3 e6 5.Nc3 Nbd7 6.Bd3 Bd6 7.e4 dxe4 8.Nxe4 Nxe4
9.Bxe4 Nf6 10.Bc2 Bb4+ 11.Bd2 Qa5 12.O-O Bxd2 13.Nxd2 O-O 14.Qe2 Rd8 15.Nf3 b6
16.Rfd1 Bb7 17.a3 Qh5 18.Qe3 c5 19.Ne5 Ng4 20.Qg3 Nxe5 21.dxe5 h6 22.Rd6 Rxd6
23.exd6 Rd8 24.Rd1 Qe2 25.Qc3 Qg4 26.f3 Qf4 27.Qd3 g6 28.Rd2 Qe5 29.g3 Qxb2
30.Ba4 Qd4+ 31.Qxd4 cxd4 32.Rxd4 Bxf3 33.Kf2 Bb7 34.d7 Kf8 35.Rh4 Kg7 36.c5 bxc5
37.Rc4 Kf6 38.Rxc5 Ke7 39.Rc7 Rb8 40.Ke3 Kd8 41.Rc4 Ba6 42.Rc6 Rb6 43.Rc5 Bb7
44.Bb5 Ba6 45.Ba4 Rd6 46.Ke4 f6 47.Rc3 Bb7+ 48.Ke3 g5 49.h4 Rb6 50.hxg5 hxg5
51.Kd4 Rd6+ 52.Ke3 e5 53.Rb3 Bc6 54.Rb8+ Kxd7 55.Rb7+ Ke6 56.Rxa7 Bxa4 57.Rxa4 f5
58.Ra8 f4+ 59.gxf4 gxf4+ 60.Kf3 Rd3+ 61.Ke2 Re3+ 62.Kf2 Kf5 63.a4 Ra3 64.a5 Ra2+
65.Kg1 Ke4 66.a6 Kf3 67.a7 e4 68.Rh8 Ra1+  0-1

[Event "ch-UZB Major"]
[Site "Tashkent UZB"]
[Date "2011.05.26"]
[Round "6"]
[White "Artemenko,O"]
[Black "Khamrakulov,D"]
[Result "1/2-1/2"]
[WhiteElo "2297"]
[BlackElo "2490"]

1.d4 d5 2.c4 e6 3.Nc3 c6 4.e3 Nf6 5.Nf3 Nbd7 6.Qc2 Bd6 7.b3 b6 8.Be2 Bb7
9.O-O O-O 10.Bb2 Re8 11.Rad1 Qe7 12.Rfe1 Rad8 13.cxd5 exd5 14.Bf1 Ne4 15.g3 f5
16.Bg2 g6 17.Nd2 Ndf6 18.Nf1 Nxc3 19.Bxc3 Ne4 20.Nd2 Rc8 21.Nxe4 fxe4 22.f3 Ba6
23.fxe4 dxe4 24.Bh3 Rc7 25.Bf1 Bxf1 26.Rxf1 Qg5 27.Qe2 Rf8 28.Rxf8+ Bxf8
29.Rf1 Bh6 30.Bd2 Qd5 31.Qc4 Rd7 32.Rc1 c5 33.Qxd5+ Rxd5 34.Rc2 cxd4 35.exd4 e3
36.Bc3 Rf5 37.Kg2 Kf7 38.Re2 Ke6 39.Bd2 Kd5 40.Bxe3 Bxe3 41.Rxe3 Kxd4 42.Re7 Ra5
43.a4 Kc3 44.Rxh7 Kxb3 45.Rh4 Rxa4 46.Rxa4 Kxa4 47.g4 b5 48.h4 b4 49.h5 gxh5
50.gxh5 b3 51.h6 b2 52.h7 b1=Q 53.h8=Q Qc2+ 54.Kf1 a5 55.Qd4+ Kb5 56.Qd5+ Kb6
57.Qd6+ Qc6 58.Qxc6+  1/2-1/2

[Event "ch-Siberia Women"]
[Site "Barnaul RUS"]
[Date "2011.05.27"]
[Round "8"]
[White "Cheremnova,T"]
[Black "Trapeznikova,D"]
[Result "1-0"]
[WhiteElo "2227"]
[BlackElo "1988"]

1.d4 d5 2.c4 c6 3.Nc3 Nf6 4.Nf3 e6 5.e3 Nbd7 6.Qc2 Bd6 7.Bd3 O-O 8.O-O dxc4
9.Bxc4 b5 10.Be2 Bb7 11.Rd1 Qc7 12.e4 e5 13.Bg5 exd4 14.Rxd4 Bc5 15.Rd2 Rfe8
16.Bh4 Bd6 17.Rad1 Bf4 18.Rd4 a6 19.g3 Bh6 20.Bxf6 Nxf6 21.e5 c5 22.Rd6 b4
23.exf6 bxc3 24.Rd7 Qb6 25.fxg7 Be4 26.Qxc3 Bxg7 27.Qc4 Bg6 28.Bd3 Qf6 29.Bxg6 hxg6
30.Kg2 Re7 31.b3 Rxd7 32.Rxd7 Rc8 33.Qd5 Rf8 34.Qxc5 Qb2 35.Rd2 Qf6 36.Rd6 Qe7
37.Qd5 Qe2 38.a4 Kh8 39.Ng5 f6 40.Ne6 Re8 41.Nxg7 Kxg7 42.Qd4 Re5 43.Rd7+ Re7
44.Qd3 Qxd3 45.Rxd3 Rb7 46.h4 Kf7 47.Rd6 Rxb3 48.Rxa6 Ra3 49.g4 Kg7 50.f3 Ra1
51.Kg3 Rg1+ 52.Kf4 Rh1 53.Ra7+ Kg8 54.Kg3 Rg1+ 55.Kh2 Rf1 56.Kg2 Ra1 57.g5 f5
58.Kg3 Rg1+ 59.Kf4 Rh1 60.Ke5 Rxh4 61.Kf6 Rf4 62.Kxg6 Kf8 63.Kf6 Ke8 64.g6  1-0

[Event "ch-Moscow Final"]
[Site "Moscow RUS"]
[Date "2011.05.27"]
[Round "6"]
[White "Dubov,Danii"]
[Black "Kharitonov,Alexandr"]
[Result "1/2-1/2"]
[WhiteElo "2505"]
[BlackElo "2556"]

1.d4 d5 2.c4 c6 3.Nc3 Nf6 4.e3 e6 5.Nf3 Nbd7 6.Qc2 Bd6 7.Bd3 O-O 8.O-O dxc4
9.Bxc4 b5 10.Bd3 Bb7 11.e4 e5 12.h3 Re8 13.Be3 exd4 14.Nxd4 Nc5 15.Rad1 Nxd3
16.Nf5 Bf8 17.Rxd3 Qc8 18.f3 Nd5 19.Nh6+ gxh6 20.exd5 Rxe3 21.Rxe3 cxd5 22.Qd2 Bc5
23.Kh1 Bxe3 24.Qxe3 Qe6 25.Qd4 Qb6 26.Qg4+ Qg6 27.Qf4 Re8 28.Rd1 a6 29.Nxd5 Bxd5
30.Rxd5 Qb1+ 31.Kh2 Qxa2 32.Qg4+ Kh8 33.Qd7 Rg8 34.Rd2 Qc4 35.Qd6 Qh4 36.Qe5+ f6
37.Qc7 Qg5 38.Re2 h5 39.b4 h4 40.Kh1 Qg3 41.Qc6 Qg5 42.Qxa6 Qc1+ 43.Kh2 Qf4+
44.Kh1 Qc1+ 45.Kh2 Qf4+ 46.Kh1 Qg5  1/2-1/2

[Event "Zonal 3.3"]
[Site "Tagaytay City PHI"]
[Date "2011.05.27"]
[Round "5"]
[White "Bao Khoa"]
[Black "Dao Thien Hai"]
[Result "0-1"]
[WhiteElo "2256"]
[BlackElo "2512"]

1.d4 d5 2.c4 e6 3.Nc3 Nf6 4.Nf3 c6 5.e3 Nbd7 6.Bd3 dxc4 7.Bxc4 b5 8.Bd3 a6
9.e4 c5 10.d5 c4 11.Bc2 e5 12.a3 Bd6 13.g4 g6 14.h3 Qc7 15.Bh6 Bf8 16.Be3 h5
17.g5 Nh7 18.Qd2 Bd6 19.Kf1 Rb8 20.Kg2 O-O 21.Rhf1 Re8 22.Ng1 Nc5 23.Rae1 b4
24.axb4 Rxb4 25.Nd1 a5 26.f4 Ba6 27.Qc3 Nd3 28.Bxd3 cxd3 29.Qxc7 Bxc7 30.Bd2 Rc4
31.fxe5 Rxe5 32.Nc3 Nxg5 33.Rf6 Bb7 34.Bf4 Nxe4 35.Bxe5 Bxe5 36.Rxe4 Rxe4
37.Nxe4 Bxd5 38.Kf1 Bxe4 39.Rb6 Bf4 40.Ke1 Kg7 41.Rb3  0-1

[Event "Zonal 3.3 Women"]
[Site "Tagaytay City PHI"]
[Date "2011.05.27"]
[Round "5"]
[White "Nguyen Thi Thanh An"]
[Black "Neo,X"]
[Result "1-0"]
[WhiteElo "2338"]
[BlackElo "1869"]

1.d4 d5 2.c4 e6 3.Nc3 c6 4.e3 Nf6 5.Nf3 Nbd7 6.Qc2 h6 7.a3 a6 8.e4 dxc4 9.Bxc4 b5
10.Be2 Bb7 11.e5 Nd5 12.Nxd5 cxd5 13.Bd2 Be7 14.O-O O-O 15.Bd3 Qb6 16.Rac1 Rfc8
17.Qb3 Rxc1 18.Rxc1 Rc8 19.Re1 Qc6 20.h4 f6 21.exf6 Bxf6 22.Bb1 Nf8 23.Bb4 Qe8
24.Bxf8 Kxf8 25.Qe3 Rc6 26.g4 Bd8 27.Ne5 Ba5 28.Bg6  1-0

[Event "1st Alimini Village Open"]
[Site "Alimini ITA"]
[Date "2011.05.28"]
[Round "9"]
[White "Boffa,M"]
[Black "Coimbra,M"]
[Result "1/2-1/2"]
[WhiteElo "2126"]
[BlackElo "2110"]

1.d4 d5 2.c4 c6 3.Nc3 Nf6 4.e3 e6 5.Nf3 a6 6.b3 Bb4 7.Bd2 Nbd7 8.Bd3 O-O
9.O-O Bd6 10.e4 dxc4 11.bxc4 e5 12.d5 Nc5 13.Bg5 h6 14.Bh4 cxd5  1/2-1/2

[Event "XX Guillermo Garcia Mem Talents"]
[Site "Santa Clara CUB"]
[Date "2011.05.28"]
[Round "7.3"]
[White "Garcia Matos,R"]
[Black "Bueno Perez,Jesus Angel"]
[Result "1-0"]
[WhiteElo "2196"]
[BlackElo "2063"]

1.Nf3 d5 2.d4 Nf6 3.c4 c6 4.e3 e6 5.Nc3 Nbd7 6.Bd3 Bd6 7.e4 dxe4 8.Nxe4 Nxe4
9.Bxe4 O-O 10.O-O e5 11.dxe5 Nxe5 12.Nxe5 Bxe5 13.Bxh7+ Kxh7 14.Qh5+ Kg8
15.Qxe5 Re8 16.Qf4 Re6 17.Be3 Rg6 18.Rfd1 Qe7 19.Kh1 Be6 20.b3 Rg4 21.Qf3 Qh4
22.Rd6 Re8 23.Rad1 Rg6 24.R1d4 Qe7 25.h3 Bd5 26.R6xd5 cxd5 27.Qxd5 b6 28.Qh5 Qb7
29.Rd5 Qe7 30.Qf3 Rf6 31.Qg4 Rg6 32.Qd4 Qf6 33.Qxf6 Rxf6 34.Rd7 a5 35.Rb7 Ree6
36.g3 Rc6 37.Kg2 Rcd6 38.h4 Kh7 39.Bg5 Rfe6 40.Rxf7 Re2  1-0

[Event "84th ch-St Petersburg"]
[Site "St Petersburg RUS"]
[Date "2011.05.28"]
[Round "8"]
[White "Bazeev,G"]
[Black "Fedoseev,Vl3"]
[Result "0-1"]
[WhiteElo "2315"]
[BlackElo "2506"]

1.d4 d5 2.c4 c6 3.Nc3 Nf6 4.e3 e6 5.Nf3 Nbd7 6.Qc2 Bd6 7.Bd3 O-O 8.O-O dxc4
9.Bxc4 b5 10.Be2 Bb7 11.Rd1 Qc7 12.e4 e5 13.g3 a6 14.Bg5 exd4 15.Nxd4 Rae8
16.Nf5 Bc5 17.a3 g6 18.Nh6+ Kg7 19.b4 Bb6 20.Qb2 Ne5 21.Rac1 Qb8 22.Kg2 Ng8
23.Nxg8 Rxg8 24.f4 Be3 25.Rb1 h6 26.Bh4 g5 27.fxe5 Qxe5 28.Rf1 Bd4 29.Qb3 gxh4
30.Rxf7+ Kh8 31.Nxb5 h3+ 32.Kf1 cxb5 33.Rxb7 Qxe4  0-1

[Event "Chicago Open"]
[Site "Wheeling USA"]
[Date "2011.05.28"]
[Round "5"]
[White "Gerzhoy,L"]
[Black "Mulyar,M"]
[Result "1/2-1/2"]
[WhiteElo "2496"]
[BlackElo "2399"]

1.d4 d5 2.c4 c6 3.Nc3 Nf6 4.e3 e6 5.Nf3 Nbd7 6.Qc2 Bd6 7.Bd3 dxc4 8.Bxc4 O-O
9.O-O a6 10.Rd1 b5 11.Be2 Qc7 12.e4 e5 13.h3 Bb7 14.dxe5 Nxe5 15.Bg5 Nxf3+
16.Bxf3 Qe7 17.Ne2 Rfe8 18.Nd4 Qe5 19.Nf5 Bf8 20.Bxf6 Qxf6 21.Rd7 Bc8 22.Rdd1 Bb7  1/2-1/2

[Event "3rd Orissa Open"]
[Site "Bhubaneswar IND"]
[Date "2011.05.29"]
[Round "3"]
[White "Thejkumar,M"]
[Black "Deshmukh,A"]
[Result "0-1"]
[WhiteElo "2451"]
[BlackElo "2283"]

1.d4 Nf6 2.Nf3 e6 3.c4 d5 4.Nc3 c6 5.e3 a6 6.Qc2 b5 7.cxd5 cxd5 8.Bd2 Bb7
9.a4 b4 10.Na2 Qb6 11.Nc1 Nc6 12.Nb3 Rc8 13.Qd1 Be7 14.a5 Qa7 15.Bd3 O-O
16.O-O Ne4 17.Qe2 f5 18.Ne5 Nxe5 19.dxe5 Nc5 20.Nd4 Rfe8 21.Rfc1 Qb8 22.f4 Nxd3
23.Qxd3 Rxc1+ 24.Rxc1 Rc8 25.Rf1 Qc7 26.Nxe6 Qc2 27.Qxc2 Rxc2 28.Rc1 Rxd2
29.Rc7 d4 30.exd4 Bh4 31.g3 Bd5 32.Nc5 g5 33.gxh4 gxf4 34.Nd7 Kf7 35.Nf6+ Ke6
36.Ng8 Be4  0-1